000 00425nam a2200181Ia 4500
005 20240823010421.0
008 240823s9999||||xx |||||||||||||| ||und||
041 _aENGLISH
082 _A620.1 N8
100 _aKumar K L
245 0 _aEngineering Mechanics
250 _a3rd
260 _c1998
_b"TMH,New Delhi"
500 _aTRANSFERED
650 _aMechanics
_bAerospace Engineering
942 _cBK
999 _c158561
_d158561